Hayao Miyazaki Films - Statistics

General Stats
  • This quiz has been taken 598 times
  • The average score is 8 of 11
Answer Stats
Hint Answer % Correct
2001 Spirited Away
95%
1988 My Neighbor Totoro
87%
1997 Princess Mononoke
86%
2004 Howl's Moving Castle
85%
2008 Ponyo
83%
1986 Castle in the Sky
71%
1989 Kiki's Delivery Service
70%
1984 Nausicäa of the Valley of the Wind
67%
1992 Porco Rosso
64%
2013 The Wind Rises
60%
1979 The Castle of Cagliostro
33%
No matching quizzes found
Score Distribution
Percent of People with Each Score
Percentile by Number Answered
Your Score History
You have not taken this quiz